00361nam a2200157Ia 4500008004100000020001800041041000800059082001300067100001800080245002700098250001200125260002300137300000800160365001700168700001800185230718s9999 xx 000 0 und d a9781937707859 aeng a516bBRU aBrusznicki C. aGRE bGeometry Guide 3 a4th ed. c2014bMG Prep, Inc a252 cRs.b1318.00 aBrusznicki C.